000 00185 a2200097 4500
020 _a9789978490037
041 _aspa
100 _aAnonimo
245 _aEl poema del Mio cid
942 _cBK
999 _c11119
_d11119